Chiến dịch giải thoát con tin ở Dubrovca

Na minha lista:
Detalhes bibliográficos
Autor principal: Stepakov, Victor
Formato: Livro
Idioma:Undetermined
Publicado em: Hà Nội Công an nhân dân 2004
Tags: Adicionar Tag
Sem tags, seja o primeiro a adicionar uma tag!
Thư viện lưu trữ: Trung tâm Học liệu Trường Đại học Cần Thơ
LEADER 00592nam a2200181Ia 4500
001 CTU_63366
008 210402s9999 xx 000 0 und d
020 |b 39000 
082 |a 947.086 
082 |b S827 
100 |a Stepakov, Victor 
245 0 |a Chiến dịch giải thoát con tin ở Dubrovca 
245 0 |c Victor Stepakov; Đinh Thùy Liên, Lê Phương Linh, Phạm Tuấn Hoàng biên dịch 
260 |a Hà Nội 
260 |b Công an nhân dân 
260 |c 2004 
904 |i Trúc Phương 
980 |a Trung tâm Học liệu Trường Đại học Cần Thơ